| 000 | 01252 a2200253 4500 | ||
|---|---|---|---|
| 003 | Nust | ||
| 005 | 20221226090135.0 | ||
| 010 | _a 95011088 | ||
| 020 | _a0486287386 (pbk.) | ||
| 040 | _cNust | ||
| 082 | 0 | 0 | _a340.92,WAS |
| 100 | 1 |
_aWashington, Booker T., _949668 |
|
| 245 | 1 | 0 |
_aUp from slavery / _cBooker T. Washington. |
| 260 |
_aNew York : _bDover Publications, _c1995. |
||
| 300 |
_avii, 166 p. ; _c22 cm. |
||
| 440 | 0 |
_aDover thrift editions _95048 |
|
| 505 | _aA Slave Among Slaves (Page-1), Boyhood Days (Page-16), The Struggle For An Education (Page-29), Helping Others (Page-44), The Reconstruction Period (Page-56), Black Race And Red Race (Page-64), Early Days At Tuskegee (Page-74), Teaching Schools In A Stable And A Hen-House (Page-83), Anxious Days And Sleepless Nights (Page-94), Raising Money (Page-125), The Atlanta Exposition Address (Page-153), The Secret Of Success In Public Speaking (Page-168). | ||
| 600 | 1 | 0 |
_aWashington, Booker T., _d1856-1915. _9105839 |
| 610 | 2 | 0 |
_aTuskegee Institute. _9105840 |
| 650 | 0 |
_aAfrican Americans _927253 |
|
| 650 | 0 |
_aEducators _zUnited States _9105841 |
|
| 856 | 4 | 2 |
_3Publisher description _uhttp://www.loc.gov/catdir/enhancements/fy0704/95011088-d.html |
| 942 |
_2ddc _cBK _k340.92,WAS |
||
| 999 |
_c184594 _d184594 |
||